000 00653nam a2200181Ia 4500
008 090124s9999 xx 000 0 und d
082 _b17825
_a1964
100 _aगडकरी राम गणेश (गोविंदाग्रज)
245 _a प्रेमसंन्यास
250 _a9
260 _c1970
300 _a136
600 _aगडकरी राम गणेश (गोविंदाग्रज)
630 _a प्रेमसंन्यास
700 _aगडकरी राम गणेश (गोविंदाग्रज)
730 _a प्रेमसंन्यास
942 _cBOOK
999 _c131765
_d131765